Como trabajar en equipo: una teoría para impulsar la productividad de su grupo empresarial
Salvato in:
| Autori principali: | , , |
|---|---|
| Natura: | Libro |
| Lingua: | spagnolo |
| Pubblicazione: |
Bogotá
Norma
1989
|
| Serie: | Desarrollo gerencial
|
| Soggetti: | |
| Tags: |
Aggiungi Tag
Nessun Tag, puoi essere il primo ad aggiungerne!!
|
MARC
| LEADER | 00000nam a2200000 a 4500 | ||
|---|---|---|---|
| 001 | UCV3810 | ||
| 003 | CL-VaPUC | ||
| 008 | 920924e19890000CK |||||||||||||||||spa|d | ||
| 082 | 0 | 4 | |a 658.4 |b BLA |2 21 |
| 100 | 0 | |a Blake, Robert Rogers |e author |9 298176 | |
| 700 | 0 | |a Mouton, Jane Srygley |e author |9 298177 | |
| 700 | 0 | |a Allen, Robert L |e author |9 298178 | |
| 245 | 1 | 0 | |a Como trabajar en equipo: una teoría para impulsar la productividad de su grupo empresarial |
| 300 | |a 202 p | ||
| 942 | |c BK | ||
| 945 | |d 19920924 00:00:00 | ||
| 260 | |a Bogotá |b Norma |c 1989 | ||
| 650 | 0 | |a Análisis ocupacional |9 259861 | |
| 650 | 0 | |a Administración |9 259325 | |
| 650 | 0 | |a Dinámica de grupos |9 259862 | |
| 583 | |a last modification |c 20180511 12:37:27 |k Rodrigo Vera | ||
| 490 | 0 | |a Desarrollo gerencial | |
| 999 | |c 210935 |d 210933 | ||
| 952 | |0 0 |1 0 |4 0 |6 658_400000000000000_BLA_1989 |7 0 |8 A |9 188024 |a BIBEDU |b BIBEDU |d 2019-11-14 |i 2554992 |o 658.4 BLA 1989 |p 2554992 |r 2019-11-14 |w 2019-11-14 |y BK |k EDU | ||
| 952 | |0 0 |1 0 |4 0 |6 658_400000000000000_BLA_1989 |7 0 |8 A |9 188025 |a BIBALI |b BIBALI |c GEN |d 2019-11-14 |i 255500K |o 658.4 BLA 1989 |p 255500K |r 2025-01-20 |w 2019-11-14 |y BK |k ALI | ||